| 000 | 00749cam a22002535a 4500 | ||
|---|---|---|---|
| 001 | 16156283 | ||
| 005 | 20201128024029.0 | ||
| 008 | 100326s2010 nyu fr f000 0 eng d | ||
| 020 | _a9780199563050 | ||
| 040 |
_aDLC _cDLC _dDLC _dEG-ScBUE _beng |
||
| 082 | 0 | 4 |
_a657.03 _222 _bDIC |
| 245 | 0 | 2 | _aA dictionary of accounting. |
| 246 | 1 | 4 | _aOxford dictionary of accounting |
| 246 | 3 | 0 | _aAccounting |
| 250 | _a4th ed. | ||
| 260 |
_aNew York : _bOxford University Press, _c2010. |
||
| 300 |
_a439 p. ; _c20 cm. |
||
| 490 | 0 | _aOxford paperback reference | |
| 500 | _a"Editor of the fourth edition, Jonathan Law"--Credits. | ||
| 650 | 7 |
_aAccounting _vDictionaries. _2BUEsh _92349 |
|
| 651 | _2BUEsh | ||
| 653 |
_bBUSADM _cDecember2016 |
||
| 942 | _2ddc | ||
| 999 |
_c23406 _d23378 |
||